Test Your IQ (Record no. 61487)

MARC details
000 -LEADER
fixed length control field 00274nam a2200121Ia 4500
008 - FIXED-LENGTH DATA ELEMENTS--GENERAL INFORMATION
fixed length control field 221007s9999 xx 000 0 und d
041 ## - LANGUAGE CODE
Language code of text/sound track or separate title eng
082 ## - DEWEY DECIMAL CLASSIFICATION NUMBER
Item number THE
100 ## - MAIN ENTRY--PERSONAL NAME
Personal name The Times
9 (RLIN) 97002
245 ## - TITLE STATEMENT
Title Test Your IQ
260 ## - PUBLICATION, DISTRIBUTION, ETC. (IMPRINT)
Date of publication, distribution, etc. 2006
Name of publisher, distributor, etc. The Times
Place of publication, distribution, etc. Mumbai
906 ## - LOCAL DATA ELEMENT F, LDF (RLIN)
b General
Holdings
Withdrawn status Lost status Damaged status Not for loan Home library Current library Date acquired Vendor Cost, normal purchase price Total Checkouts Full call number Barcode Date last seen Cost, replacement price Bill Date Koha item type Original Barcode
        Smt. Hiraben Nanavati Institute of Management & Research for Women Smt. Hiraben Nanavati Institute of Management & Research for Women 03/08/2006 Satya Gilani 200.00   THE HIMR-AV-581 07/10/2022 200.00 03/08/2006 Video Casset AV0581